Famous Duanes - Statistics

General Stats
  • This quiz has been taken 6 times
  • The average score is 6 of 12
Answer Stats
Hint Answer % Correct
The Rock Johnson
100%
Guitarist from Macon, GA. Untimely death in 1971 Allman
83%
NBA player, most of career with Miami Heat, 13x All-Star Wade
83%
All Pro Wide Receiver from LSU, played for the Kansas City Chiefs 2007-14 Bowe
67%
Dog the Bounty Hunter Chapman
50%
Lead actor in Night of the Living Dead, common last name Jones
50%
US boxer, won gold at 1971 PanAm games, 48-4 pro record Bobick
33%
Indycar driver, polesitter 1985 Indy 500, from a racing family, nickname "Pancho" Carter
33%
Lil Wayne Carter
33%
1950 guitarist in Rock 'n Roll Hall of Fame Eddy
33%
Dobie Gillis Hickman
33%
Writer/film score composer, member of large show business family Wayans
17%
No matching quizzes found
Score Distribution
Percent of People with Each Score
Percentile by Number Answered
Your Score History
You have not taken this quiz